• 首页
  • 本馆介绍
  • 公告通知
  • 最新文献
  • 馆藏检索
  • 电子资源
  • 读者导购
  • 参考咨询
  • 我的图书馆
  • 登录
  • 详细信息显示
  • 放入我的书架
  • 预约/预借图书
  • 作者相关作品
  • 分类相关作品
  • 丛书相关作品
  • 出版社相关作品

书目信息

  • 表格格式
  • 工作单格式
  • 卡片格式
题名:
政论
    
 
作者: ;吉林师范大学中文系文选写作教研室 编写
分册:  
出版信息: 长春   吉林人民出版社  1981
页数: 201页
开本: 19cm
丛书名: 写作知识丛书
单 册:
中图分类: H152.2
科图分类:
主题词: 议论文-写作 , 写作-议论文
电子资源:
ISBN:
000 00766nam2 2200265 45
001 0181009313
005 20060810105312.25
010    @dCNY0.47
091    @aCN@b7691.1171
100    @a19950405d1981 em y0chiy0121 ea
101 0  @achi
102    @aCN@b220000
105    @ay z 000yy
200 10 @a政论@Azheng lun@f吉林师范大学中文系文选写作教研室编写
210    @a长春@c吉林人民出版社@d1981
215    @a201页@d19cm
225 2  @a写作知识丛书
410  0 @120010@a写作知识丛书
606    @a议论文-写作
606    @a写作-议论文
690    @aH152.2@v3
711 02 @a吉林师范大学中文系文选写作教研室@Aji lin shi fan da xue zhong wen xi wen xuan xie zuo jiao yan shi@4编写
801  2 @aCN@bNLC@c20060810
801  0 @aCN@bTSSF
905    @a10447@dH152.2@e317
    
    政论/吉林师范大学中文系文选写作教研室编写.-长春:吉林人民出版社,1981
    201页;19cm.-(写作知识丛书)
    
    
    ISBN :CNY0.47
    
●
相关链接 在E读中查询图书 在五车中查询图书 在当当中查询图书 在豆瓣中查询图书


正题名:政论     索取号:H152.2/317         预约/预借

序号 登录号 条形码 馆藏地/架位号 状态 备注
1 0450864   204508648   密集书库/ [索取号:H152.2/317] 在馆    
唐山师范学院图书馆 欢迎您!
大连网信软件有限公司© 版权所有